IFAC - 30 let ve znamení zvyšování kvality a budování důvěry účetnictví
30. výročie založenia Medzinárodnej federácie účtovníkov (International Federation of Accountants, IFAC) 7.10.1977 v Mníchove. IFAC tvorí 155 členských organizácií zo 118 krajín. Poslanie IFAC. Dnešná podoba výborov a komisií IFAC.
Gespeichert in:
| 1. Verfasser: | |
|---|---|
| Format: | Buchkapitel |
| Sprache: | Tschechisch |
| Schlagworte: | |
| Tags: |
Keine Tags, Fügen Sie das erste Tag hinzu!
|
MARC
| LEADER | 00000naa$a2200000$$$4500 | ||
|---|---|---|---|
| 001 | 0069452 | ||
| 005 | 20230925090707.6 | ||
| 041 | 0 | |a cze | |
| 044 | |a CZ | ||
| 245 | 1 | 0 | |a IFAC - 30 let ve znamení zvyšování kvality a budování důvěry účetnictví |c Alena Mrkvičková |
| 520 | |a 30. výročie založenia Medzinárodnej federácie účtovníkov (International Federation of Accountants, IFAC) 7.10.1977 v Mníchove. IFAC tvorí 155 členských organizácií zo 118 krajín. Poslanie IFAC. Dnešná podoba výborov a komisií IFAC. | ||
| 610 | 2 | 0 | |a účtovníctvo |
| 610 | 2 | 0 | |a účtovníci |
| 610 | 2 | 0 | |a organizácie medzinárodné |
| 610 | 2 | 0 | |a štruktúra organizačná |
| 610 | 2 | 0 | |a IFAC |
| 100 | 1 | |a Mrkvičková, Alena | |